000 00682nam a2200289Ia 4500
005 20260324124600.0
008 008 260324s9999 xx 000 0 eng d
020 _a9780203860373
037 _aEBOOK
040 _aCRL
040 _beng
040 _cCRL
041 _2eng
041 _aeng
084 _qCRL
100 _aMarcus Hall
_91174713
245 0 _aRestoration and History
245 4 _bThe Search for a Usable Environmental Past
260 _bTaylor and Francis
260 _c2010
365 _a
365 _b240
856 _uhttp://www.taylorfrancis.com/books/9780203860373
942 _cEBOOK
999 _c1769213
_d1769213